Guess The Countries with only one letter #1 - Statistics

General Stats
  • This quiz has been taken 25 times
  • The average score is 5 of 10
Answer Stats
Hint Answer % Correct
___N IRAN
96%
_R__ IRAQ
83%
_V___ _____ IVORY COAST
61%
R_____ RUSSIA
61%
___Z__ BRAZIL
39%
______ S_____ __ _______ UNITED STATES OF AMERICA
39%
__I__ CHINA
35%
___D_ ______ SAUDI ARABIA
35%
_A___ JAPAN
26%
___R__ CYPRUS
9%
No matching quizzes found
Score Distribution
Percent of People with Each Score
Percentile by Number Answered
Your Score History
You have not taken this quiz